| 000 | 00504nam a2200193Ia 4500 | ||
|---|---|---|---|
| 005 | 20251113223414.0 | ||
| 008 | 230125s9999 xx 000 0 und d | ||
| 041 | _aeng | ||
| 082 |
_a158.1 _bLOD/NAR |
||
| 100 |
_aNarawane A _9214888 |
||
| 245 | _aChala! Utha! Kamala laga! | ||
| 260 |
_c2005 _bMehta publication _aPune |
||
| 300 | _a176p | ||
| 500 | _aPersonality Development, | ||
| 650 |
_aPersonality Development _9213420 |
||
| 700 |
_aNarawane A & Lodha S _9214889 |
||
| 906 | _b18 | ||
| 942 | _cBK | ||
| 999 |
_c85146 _d85146 |
||